000
00388nam a2200133Ia 4500
008
151001s9999||||xx |||||||||||||| ||und||
100
_a
कुमुदिनी रांगणेकर
245
_a
आडवळणी खून
250
_a
1
260
_b
राजेंद्र प्रकाशन ठाणे
260
_c
1985
300
_a
139
365
_b
18
999
_c
974282
_d
974279